Mapping the In-between : Interdisciplinary methods for envisioning other futures /

Enregistré dans:
Détails bibliographiques
Collectivité auteur: Spolka (Éditeur intellectuel)
Autres auteurs: Grešáková Lýdia (Éditeur intellectuel), Tabačková Zuzana (Éditeur intellectuel), Topolčanská, Mária, 1973- (Critique)
Format: Livre
Langue:anglais
slovaque
Publié: Košice : Spolka, 2020
Édition:1. vydanie
Sujets:
Tags: Ajouter un tag
Pas de tags, Soyez le premier à ajouter un tag!

MARC

LEADER 00000nam a22000003a 4500
001 0089585
003 SK-STU
005 20210719152739.3
007 ta
008 210719s ----xo-----e------000-0-----d
020 |a 978-80-973580-0-6 
040 |a STU  |b slo 
041 0 |a eng  |a slo 
044 |a xo 
100 1 |a Grešáková Lýdia  |4 edt  |r Z5 
110 2 |a Spolka  |4 edt 
245 1 0 |a Mapping the In-between :  |b Interdisciplinary methods for envisioning other futures /  |c ed. Grešáková Lýdia ; ed. Tabačková Zuzana ; rec. Mária Topolčanská 
250 |a 1. vydanie 
260 |a Košice :  |b Spolka,  |c 2020 
300 |a 144 s. 
650 0 7 |a architektúra a urbanizmus 
650 0 7 |a urbanistické plánovanie 
650 0 7 |a urbanizmus sídiel 
650 0 7 |a medzipriestor 
650 0 7 |a sociálne komunity 
650 0 7 |a sociálne aspekty 
650 0 7 |a mapovanie 
650 0 7 |a intervencie 
650 0 7 |a letná škola architektúry 
650 0 7 |a Hornád 
650 0 7 |a aktivizmus 
650 0 7 |a učebné texty 
700 1 |a Tabačková Zuzana  |r Z5  |4 edt 
700 1 |a Topolčanská, Mária,  |d 1973-  |4 rev  |X 54473  |7 A000054473 
996 |b 284AU08897  |c A* 12177/U  |l AAKNST  |s P  |a 0  |w 0089585_0001 
996 |b 284AU08898  |c A* 12178/U  |l AAKNAR  |s A  |a 24  |w 0089585_0002 
996 |b 284AU08899  |c A* 12179/U  |l AAKNAR  |s A  |a 24  |w 0089585_0003